Score 0/10 Timer 01:00
0 Plays Today
% Correct
Tom Hanks
79.9%
Meryl Streep
77.7%
Jack Nicholson
68.6%
Leonardo DiCaprio
67.6%
Robin Williams
56%
Nicole Kidman
52.6%
Cate Blanchett
51.8%
Renée Zellweger
45%
Jack Lemmon
33.4%
Rosalind Russell
18.9%
Remove Ads.
Support Sporcle.
Get the best of Sporcle when you Go Orange. This ad-free experience offers more features, more stats, and more fun while also helping to support Sporcle. Thank you for becoming a member.

You're not logged in!

Compare scores with friends on all Sporcle quizzes.
OR
Log In

Sporcle TV

Today on Sporcle TV


Watch our educational content, quiz creation guides, and fun videos on Sporcle TV.

Show Comments

Extras

Top Quizzes Today


Score Distribution

Paid Content

Your Account Isn't Verified!

In order to create a playlist on Sporcle, you need to verify the email address you used during registration. Go to your Sporcle Settings to finish the process.

Report this User

Report this user for behavior that violates our Community Guidelines.

Details: